Mystery of the samurai sword / (Record no. 1568)

MARC details
000 -LEADER
fixed length control field 00968cam a2200265 i 4500
005 - DATE AND TIME OF LATEST TRANSACTION
control field 20230907095044.0
020 ## - INTERNATIONAL STANDARD BOOK NUMBER
International Standard Book Number 076714002951
040 ## - CATALOGING SOURCE
Original cataloging agency DLC
Transcribing agency DLC
Modifying agency DLC
Language of cataloging eng
050 00 - LIBRARY OF CONGRESS CALL NUMBER
Classification number PZ7.D644
Item number Myk 1979b
082 00 - DEWEY DECIMAL CLASSIFICATION NUMBER
Classification number Fic
Edition number 19
100 1# - MAIN ENTRY--PERSONAL NAME
Personal name Dixon, Franklin W.
245 10 - TITLE STATEMENT
Title Mystery of the samurai sword /
Statement of responsibility, etc. Franklin W. Dixon ; illustrated by Leslie Morrill.
260 ## - PUBLICATION, DISTRIBUTION, ETC.
Place of publication, distribution, etc. New York :
Name of publisher, distributor, etc. Wanderer Books
Date of publication, distribution, etc. 1979
300 ## - PHYSICAL DESCRIPTION
Extent 179 pages :
Other physical details illustrations ;
Dimensions 20 cm
490 0# - SERIES STATEMENT
Series statement Hardy boys mystery stories
Materials specified Book 60
505 ## - FORMATTED CONTENTS NOTE
Formatted contents note S <br/>
520 ## - SUMMARY, ETC.
Summary, etc. A Japanese business tycoon mysteriously disappears and, soon after, a rare samurai sword is stolen from an art gallery. Suspecting a connection, the Hardy boys try to solve the mystery.
521 ## - TARGET AUDIENCE NOTE
Target audience note 790 <br/>
Source Lexile <br/>
521 ## - TARGET AUDIENCE NOTE
Target audience note S <br/>
Source Raz-Plus <br/>
650 #1 - SUBJECT ADDED ENTRY--TOPICAL TERM
Topical term or geographic name entry element Mystery and detective stories.
700 1# - ADDED ENTRY--PERSONAL NAME
Personal name Morrill, Leslie H.
906 ## - LOCAL DATA ELEMENT F, LDF (RLIN)
a 7
b cbc
c orignew
d 1
e ocip
f 19
g y-gencatlg
942 ## - ADDED ENTRY ELEMENTS (KOHA)
Source of classification or shelving scheme Dewey Decimal Classification
Koha item type Books
Suppress in OPAC No
999 ## -
-- 1568
-- 1568
Holdings
Withdrawn status Lost status Source of classification or shelving scheme Damaged status Not for loan Collection Home library Current library Shelving location Date acquired Total Checkouts Full call number Barcode Date last seen Price effective from Koha item type
    Dewey Decimal Classification     Juvenile Fiction Footprints International School Library Network Toul Kork Campus Footprints International School Library Network Toul Kork Campus TTP Secondary Fiction Bookshelves 09/07/2023   DIX Fic PZ7.D644 FIS00834 09/07/2023 09/07/2023 Books